[Event "GRENKE Chess Open 2017"]
[Site "Karlsruhe GER"]
[Date "2017.04.15"]
[Round "4.44"]
[White "Paul,Jo"]
[Black "Ostrovskiy,And"]
[Result "0-1"]
[WhiteElo "2327"]
[BlackElo "2456"]

1.d4 Nf6 2.c4 e6 3.Nc3 Bb4 4.Qc2 O-O 5.a3 Bxc3+ 6.Qxc3 d6 7.Bg5 Re8 8.Nf3 Nbd7
9.e3 Qe7 10.Qc2 e5 11.Be2 a5 12.O-O a4 13.Rfe1 Ra5 14.Bh4 Nf8 15.c5 Bg4 16.Qc3
Rea8 17.h3 Bxf3 18.Bxf3 c6 19.Rac1 Ng6 20.Bg3 dxc5 21.dxe5 Nd7 22.e6 Qxe6
23.Bg4 Qe7 24.e4 Ngf8 25.Rcd1 Ne6 26.Bd6 Qe8 27.f4 b6 28.Qg3 Nd4 29.e5 Nf8
30.f5 Rb5 31.e6 Rb3 32.Qe5 fxe6 33.fxe6 Ng6 34.Qg5 h6 35.Qh5 Rd8 36.Bf5 Kh7
37.e7 Rxd6 38.Rxd4 cxd4 39.Bxg6+ Rxg6 40.Qf5 Rg3 41.Qf8 Rxg2+ 42.Kf1 Rg1+
43.Ke2 Rxe1+ {#R} 0-1

[Event "GRENKE Chess Open 2017"]
[Site "Karlsruhe GER"]
[Date "2017.04.15"]
[Round "5.5"]
[White "Vitiugov,N"]
[Black "Nguyen,Thai Dai Van"]
[Result "1-0"]
[WhiteElo "2729"]
[BlackElo "2441"]

1.d4 Nf6 2.Bg5 d5 3.e3 c5 4.Nd2 Nc6 5.c3 Qb6 6.Qc2 cxd4 7.exd4 e5 8.dxe5 Ng4
9.Nb3 Be6 10.Nf3 Ngxe5 11.Nxe5 Nxe5 12.Be3 Qc7 13.Bb5+ Nc6 14.Nd4 Bd6 15.O-O-O
O-O 16.Nxe6 fxe6 17.Bd3 h6 18.Kb1 Ne5 19.Be2 Bc5 20.Bxc5 Qxc5 21.f3 Qf2 22.g3
Rac8 23.f4 Nc4 24.Rd4 Qg2 25.Re1 Qxh2 26.Bg4 Qxg3 27.Bxe6+ Kh8 28.Rh1 Rce8
29.f5 Rxe6 30.fxe6 Rf2 31.e7 Rxc2 32.Rxh6+ gxh6 33.e8=Q+ Kg7 34.Qe7+ Kg8
35.Qe6+ Kh8 36.Qxh6+ Kg8 37.Qe6+ Kh8 38.Qc8+ Kh7 39.Qf5+ Kh8 40.Qh5+ {#r} 1-0

[Event "GRENKE Chess Open 2017"]
[Site "Karlsruhe GER"]
[Date "2017.04.15"]
[Round "5.6"]
[White "Fedoseev,Vl3"]
[Black "Sadzikowski,D"]
[Result "1-0"]
[WhiteElo "2684"]
[BlackElo "2547"]

1.e4 c5 2.Nf3 d6 3.d4 cxd4 4.Nxd4 Nf6 5.Nc3 a6 6.h4 e5 7.Nb3 Be7 8.Bg5 Be6
9.Bxf6 Bxf6 10.g3 Nc6 11.Qd2 O-O 12.O-O-O Qb6 13.Bh3 Rfd8 14.Nd5 Bxd5 15.exd5
Nb8 16.Qe3 Nd7 17.Qxb6 Nxb6 18.Na5 Rdb8 19.Rd3 Bd8 20.Ra3 Ra7 21.Re1 Nxd5
22.Rd1 Bxa5 23.Rxa5 Nb6 24.b3 d5 25.c4 dxc4 26.Rd6 Na8 27.bxc4 Nc7 28.Rxe5 Ne8
29.Rb6 Kf8 30.Rd5 Nf6 31.Rc5 Re8 32.Rc7 Re7 33.Rc8+ Re8 34.Kd2 Rxc8 35.Bxc8
Ke7 36.Bxb7 Nd7 37.Rb1 Nc5 38.Bd5 Rc7 39.Kc3 Nd7 40.Kd4 Nf6 41.Bf3 Rd7+ 42.Kc3
{#r} 1-0

[Event "GRENKE Chess Open 2017"]
[Site "Karlsruhe GER"]
[Date "2017.04.15"]
[Round "5.7"]
[White "Kunte,A"]
[Black "Kovalenko,I"]
[Result "0-1"]
[WhiteElo "2491"]
[BlackElo "2659"]

1.d4 d5 2.c4 e6 3.Nf3 Nf6 4.g3 Bb4+ 5.Bd2 Be7 6.Bg2 O-O 7.O-O Nbd7 8.Qc2 c6
9.Rd1 b6 10.Bf4 Bb7 11.Nc3 Rc8 12.e4 dxc4 13.Ne5 Nxe5 14.Bxe5 Nd7 15.Bf4 a6
16.Qe2 b5 17.d5 e5 18.dxc6 Bxc6 19.Bxe5 Qb6 20.Bxg7 Kxg7 21.Nd5 Qc5 22.b4 cxb3
23.Rac1 Qa3 24.axb3 Bxd5 25.Ra1 Qb4 26.exd5 a5 27.Bh3 Rcd8 28.d6 Bf6 29.Rac1
Rfe8 30.Qh5 Re5 31.Qf3 Nf8 32.d7 Ne6 33.Rc8 Ng5 34.Qg4 Re1+ 35.Rxe1 Qxe1+
36.Bf1 Qe4 37.Qd1 Nf3+ 38.Kh1 Ne5+ 39.Bg2 Rxd7 {#R} 0-1

[Event "GRENKE Chess Open 2017"]
[Site "Karlsruhe GER"]
[Date "2017.04.15"]
[Round "5.12"]
[White "Buhmann,R"]
[Black "Lubbe,N"]
[Result "0-1"]
[WhiteElo "2609"]
[BlackElo "2500"]

1.Nf3 Nf6 2.c4 e6 3.g3 c5 4.Bg2 a6 5.Nc3 Qc7 6.O-O Nc6 7.d4 cxd4 8.Nxd4 Be7
9.Be3 Ng4 10.Bf4 e5 11.Nd5 Qd8 12.Nxc6 dxc6 13.Nxe7 Qxe7 14.Bd2 O-O 15.Qb3 a5
16.Rad1 h6 17.h3 Nf6 18.Qb6 Ra6 19.Qe3 Re8 20.Bc3 Be6 21.b3 Nd7 22.f4 f6
23.Kh2 a4 24.fxe5 Nxe5 25.Bxe5 Bf7 26.Rd4 Ra5 27.Qd3 Rxe5 28.Rd7 Qa3 29.Rxb7
Qxa2 30.Rf2 a3 31.Kg1 Rxe2 32.Rxe2 Qxe2 33.Qxe2 Rxe2 34.Ra7 a2 35.Bf1 Rd2 {#R}
0-1

[Event "GRENKE Chess Open 2017"]
[Site "Karlsruhe GER"]
[Date "2017.04.15"]
[Round "5.23"]
[White "Miedema,D"]
[Black "Kozul,Z"]
[Result "0-1"]
[WhiteElo "2353"]
[BlackElo "2631"]

1.d4 Nf6 2.c4 d6 3.Nc3 Nbd7 4.e4 e5 5.Nge2 c6 6.f3 Be7 7.Ng3 g6 8.Bh6 Bf8
9.Be3 h5 10.Qd2 a6 11.O-O-O b5 12.d5 c5 13.cxb5 h4 14.Nge2 axb5 15.Nxb5 Rxa2
16.Na3 Ra1+ 17.Kc2 Rxd1 18.Kxd1 Nb6 19.Nc3 Be7 20.Ncb5 Kf8 21.Na7 Bb7 22.Qa5
Kg7 23.Bd2 h3 24.Nc6 Bxc6 25.dxc6 hxg2 26.Bxg2 Qc7 27.Qb5 Rb8 28.Ba5 Qa7
29.Kc2 Nbd5 30.Qxb8 Ne3+ 31.Kb1 Qxb8 32.c7 Qc8 33.Nb5 Nc4 34.Bc3 Ne8 {#R} 0-1

[Event "GRENKE Chess Open 2017"]
[Site "Karlsruhe GER"]
[Date "2017.04.15"]
[Round "5.27"]
[White "Volkov,Sergey1"]
[Black "Meinhardt,Ma"]
[Result "1-0"]
[WhiteElo "2631"]
[BlackElo "2374"]

1.d4 e6 2.c4 d5 3.Nf3 c5 4.cxd5 exd5 5.g3 Nc6 6.Bg2 Nf6 7.O-O Be7 8.dxc5 Bxc5
9.a3 Ne4 10.b4 Be7 11.Bb2 Bf6 12.Nd4 Qb6 13.e3 O-O 14.Nxc6 Qxc6 15.Bxf6 Qxf6
16.Nd2 Nc3 17.Qf3 Qg6 18.e4 d4 19.e5 Qg5 20.Ne4 Qxe5 21.Nxc3 dxc3 22.Rfe1 Qd4
23.Rad1 Qc4 24.Rd3 c2 25.Rc3 Qd4 26.Rxc2 a5 27.Qd5 Qb6 28.Qc5 Qxc5 29.bxc5 Rb8
30.Rb2 {#r} 1-0

[Event "GRENKE Chess Open 2017"]
[Site "Karlsruhe GER"]
[Date "2017.04.15"]
[Round "5.28"]
[White "Melkumyan,H"]
[Black "Motuz,K"]
[Result "1-0"]
[WhiteElo "2619"]
[BlackElo "2369"]

1.Nf3 d5 2.g3 c6 3.Bg2 Bf5 4.O-O e6 5.d3 h6 6.c4 Nf6 7.cxd5 exd5 8.Qb3 Qb6
9.Qc2 Na6 10.Nc3 Be7 11.e4 Bh7 12.Be3 Qa5 13.a3 O-O 14.b4 Qd8 15.Rad1 Nc7
16.Qb3 Re8 17.h3 Bf8 18.Rfe1 dxe4 19.dxe4 Qc8 20.Nd2 a5 21.bxa5 Rxa5 22.Nc4
Ra6 23.e5 Nd7 24.Nd6 Bxd6 25.exd6 Ne6 26.a4 Rd8 27.Qb4 Bg6 28.g4 f6 29.Bxh6
Ne5 30.Bc1 Nd3 31.Qc4 Rxd6 32.Nb5 Qd7 33.Nxd6 Nxe1 34.Rxe1 Qxd6 35.Rxe6 Rxa4
36.Re8+ {#r} 1-0

[Event "GRENKE Chess Open 2017"]
[Site "Karlsruhe GER"]
[Date "2017.04.15"]
[Round "5.29"]
[White "Bogner,S"]
[Black "Sabuk,P"]
[Result "1-0"]
[WhiteElo "2592"]
[BlackElo "2365"]

1.Nf3 d5 2.g3 Nf6 3.Bg2 e6 4.O-O Be7 5.c4 O-O 6.d4 dxc4 7.Qc2 a6 8.a4 Bd7
9.Qxc4 Bc6 10.Bf4 a5 11.Nc3 Na6 12.Rad1 Nb4 13.Ne5 Bxg2 14.Kxg2 c6 15.e4 Rc8
16.Qe2 Qb6 17.Rd2 Rfd8 18.Rfd1 Qa6 19.Qxa6 Nxa6 20.Nc4 b5 21.Nb6 b4 22.Nxc8
Rxc8 23.Ne2 Nxe4 24.Rc2 g5 25.f3 Nd6 26.Bxd6 Bxd6 27.Nc1 Nb8 28.Nb3 Bc7 29.Rc5
h6 30.Rdc1 Bb6 31.Rb5 Bc7 32.Rb7 {#r} 1-0

[Event "GRENKE Chess Open 2017"]
[Site "Karlsruhe GER"]
[Date "2017.04.15"]
[Round "5.31"]
[White "Stocek,J"]
[Black "Fries Nielsen,JO"]
[Result "1-0"]
[WhiteElo "2560"]
[BlackElo "2349"]

1.d4 d6 2.Nf3 f5 3.Nc3 Nf6 4.Bg5 Nbd7 5.e4 fxe4 6.Nd2 d5 7.f3 e3 8.Nb3 c6
9.Qd3 e5 10.dxe5 Nxe5 11.Qxe3 Qe7 12.Bxf6 gxf6 13.O-O-O Ng6 14.Qd2 Kf7 15.Bd3
a5 16.Nd4 Qc7 17.Kb1 a4 18.a3 Qb6 19.Ka1 Ne5 20.Rhe1 Bd7 21.f4 Bh6 22.Qf2 Nxd3
23.Re7+ Kxe7 24.Nf5+ Bxf5 25.Qxb6 Nxf4 26.g3 Bd7 27.gxf4 Kf7 28.Qxb7 Rhd8
29.Ne2 Rab8 30.Qa7 Ra8 31.Qf2 Re8 32.Qh4 Bg7 33.Rg1 h6 34.f5 Rxe2 35.Qh5+ Kf8
36.Qxe2 Re8 37.Qg4 Re7 38.Qb4 {#r} 1-0

[Event "GRENKE Chess Open 2017"]
[Site "Karlsruhe GER"]
[Date "2017.04.15"]
[Round "5.34"]
[White "Demuth,A"]
[Black "Nasshan,D"]
[Result "1-0"]
[WhiteElo "2529"]
[BlackElo "2345"]

1.Nf3 Nf6 2.c4 c6 3.g3 d5 4.Bg2 e6 5.O-O Nbd7 6.b3 Be7 7.Bb2 O-O 8.e3 a5 9.Nc3
b6 10.Qc2 Ba6 11.d3 Rc8 12.Rfd1 Qc7 13.Rac1 Qb8 14.e4 b5 15.exd5 cxd5 16.Nd4
bxc4 17.dxc4 Bb7 18.cxd5 Bxd5 19.Nxd5 Rxc2 20.Nxe7+ Kh8 21.Nxc2 Nb6 22.Ne3 a4
23.Nc6 Qa8 24.Ba3 Re8 25.Ne5 Qxg2+ {#r} 1-0

[Event "GRENKE Chess Open 2017"]
[Site "Karlsruhe GER"]
[Date "2017.04.15"]
[Round "5.36"]
[White "Schneider,Il"]
[Black "Gheng,J"]
[Result "1-0"]
[WhiteElo "2516"]
[BlackElo "2327"]

1.e4 c5 2.c3 Qa5 3.Nf3 Nc6 4.a3 Nf6 5.e5 Ng4 6.d4 cxd4 7.b4 Qd8 8.cxd4 d5
9.Nc3 g6 10.h3 Nh6 11.Bf4 Nf5 12.Qd2 h5 13.Rc1 Be6 14.Bb5 Qb6 15.O-O a6 16.Ba4
h4 17.Rfd1 Bh6 18.Bxh6 Rxh6 19.Bb3 Rd8 20.Na4 Qa7 21.Nc5 Bc8 22.Ba4 Kf8
23.Nxb7 Qxb7 24.Bxc6 Qb8 25.a4 Rh5 26.b5 Ng7 27.Qa5 Ne6 28.bxa6 Qa7 29.Bxd5
Qxa6 30.Qxa6 Bxa6 31.Bc4 Bb7 32.d5 Nf4 33.a5 Kg7 34.a6 Bxd5 35.Bxd5 Nxd5 36.a7
e6 37.Rc7 Ra8 38.Rb7 Rf5 39.Rd4 g5 40.Rg4 Kh6 41.Ra4 Kg6 42.Rb8 Nc7 43.Rxa8
Nxa8 44.Rb4 {#r} 1-0

[Event "GRENKE Chess Open 2017"]
[Site "Karlsruhe GER"]
[Date "2017.04.15"]
[Round "5.37"]
[White "Henderson de La Fuente,Lance"]
[Black "Meskovs,N"]
[Result "0-1"]
[WhiteElo "2372"]
[BlackElo "2510"]

1.e4 c5 2.Nf3 e6 3.d4 cxd4 4.Nxd4 Nc6 5.Nc3 Qc7 6.g3 a6 7.Bg2 Nf6 8.O-O h5
9.Nxc6 dxc6 10.e5 Qxe5 11.Bf4 Qa5 12.Re1 Be7 13.Re5 Qd8 14.Qf3 O-O 15.Rd1 Qe8
16.Na4 b5 17.Qxc6 Qxc6 18.Bxc6 Ra7 19.Nc3 b4 20.Na4 Bb7 21.Bxb7 Rxb7 22.Bg5
Rc8 23.Bxf6 Bxf6 24.Re2 Rbc7 25.Rdd2 Rc6 26.Kf1 g5 27.f3 Kg7 28.Ke1 Kg6 29.Kd1
Rb8 30.Rd7 Rb5 31.Red2 Be5 32.Ra7 h4 33.gxh4 gxh4 34.h3 f6 35.c4 Rxc4 36.Rxa6
Bf4 37.b3 Rc7 38.Rd4 Rc1+ 39.Ke2 Kf5 40.Rb6 Re5+ 41.Re4 Rd5 {#R} 0-1

[Event "GRENKE Chess Open 2017"]
[Site "Karlsruhe GER"]
[Date "2017.04.15"]
[Round "5.39"]
[White "Fedorovsky,M"]
[Black "Schnepp,G"]
[Result "1-0"]
[WhiteElo "2490"]
[BlackElo "2324"]

1.e4 c5 2.c3 Nf6 3.e5 Nd5 4.Nf3 e6 5.d4 cxd4 6.cxd4 Nc6 7.Bc4 d6 8.O-O Be7
9.Qe2 O-O 10.Re1 Qb6 11.Qe4 Rd8 12.Bd3 g6 13.Na3 Ndb4 14.exd6 Bf6 15.Bf1 Nxd4
16.Be3 Nbc6 17.Nxd4 Bxd4 18.Nc4 Qc5 19.Rad1 Bxe3 20.Rxe3 Bd7 21.Qh4 e5 22.Qf6
Be6 23.Nxe5 Rxd6 24.Rxd6 Qxd6 25.Nxf7 Qf8 26.Nh6+ Qxh6 27.Qxe6+ {#r} 1-0

[Event "Zurich Korchnoi Open 2017"]
[Site "Zurich SUI"]
[Date "2017.04.15"]
[Round "4.3"]
[White "Safarli,E"]
[Black "Pavlovic,Milos"]
[Result "1-0"]
[WhiteElo "2680"]
[BlackElo "2495"]

1.e4 e6 2.d4 d5 3.Nd2 c5 4.Ngf3 Nc6 5.exd5 exd5 6.Bb5 Bd6 7.dxc5 Bxc5 8.O-O
Ne7 9.Nb3 Bb6 10.Re1 O-O 11.Be3 Bg4 12.Bxb6 Qxb6 13.Bxc6 Nxc6 14.Qxd5 Nb4
15.Qe4 Bxf3 16.gxf3 h6 17.c3 Nc6 18.Rad1 Rfe8 19.Qf5 Rxe1+ 20.Rxe1 Rd8 21.Kg2
a5 22.Re4 Qc7 23.h4 b6 24.Nd4 Ne7 25.Qe5 Qxe5 26.Rxe5 Ng6 27.Rb5 Rd6 28.Kg3
Ne7 29.f4 Kf8 30.Kf3 Ke8 31.Nc2 Kd7 32.Ne3 Kc7 33.a4 g6 34.h5 Re6 35.f5 Rd6
36.Kg4 Rc6 37.f4 Rd6 38.fxg6 fxg6 39.hxg6 Rxg6+ 40.Kh5 Rg3 41.Nd5+ Nxd5
42.Rxd5 Rh3+ 43.Kg6 {#r} 1-0

[Event "Zurich Korchnoi Open 2017"]
[Site "Zurich SUI"]
[Date "2017.04.15"]
[Round "4.8"]
[White "Guseinov,G"]
[Black "Rueetschi,U"]
[Result "1-0"]
[WhiteElo "2643"]
[BlackElo "2266"]

1.e4 e6 2.d4 d5 3.Nd2 Be7 4.Ngf3 Nf6 5.e5 Nfd7 6.Bd3 c5 7.c3 Nc6 8.O-O a5 9.a4
Qb6 10.dxc5 Qc7 11.Nb3 Ncxe5 12.Bf4 Nxf3+ 13.Qxf3 Qd8 14.Qg3 O-O 15.Bc7 Qe8
16.Bb5 f6 17.Bxa5 Qf7 18.Bb4 Ne5 19.Nd4 Rd8 20.Rfe1 Bd7 21.Bxd7 Rxd7 22.Qh3
Ra6 23.f4 Ng6 24.Nxe6 f5 25.Ng5 Bxg5 26.fxg5 Re6 27.a5 Qe8 28.Rxe6 Qxe6 29.Rf1
Rf7 30.c6 Qxc6 31.Re1 h6 32.gxh6 gxh6 33.Qxh6 f4 34.Bd6 Rg7 35.Bxf4 d4 36.Bg3
dxc3 37.bxc3 Qxc3 38.Qh5 Qc6 39.Qg5 Ne7 40.Qe5 Rf7 {#r} 1-0

[Event "Zurich Korchnoi Open 2017"]
[Site "Zurich SUI"]
[Date "2017.04.15"]
[Round "4.12"]
[White "Haas,Ca"]
[Black "Jenni,F"]
[Result "0-1"]
[WhiteElo "2169"]
[BlackElo "2472"]

1.d4 Nf6 2.Nf3 c5 3.e3 b6 4.Bd3 Bb7 5.O-O g6 6.Qe2 Bg7 7.e4 cxd4 8.Nxd4 O-O
9.Nc3 e5 10.Nf3 d5 11.Bg5 d4 12.Nb1 h6 13.Bd2 Nbd7 14.b4 a5 15.bxa5 Nc5 16.Na3
Nfxe4 17.Bxe4 Nxe4 18.Bb4 Re8 19.axb6 Nc3 20.Bxc3 Rxa3 21.Bb2 Rxf3 22.a4 d3
23.Qd2 Qd5 24.a5 Rf6 25.f3 Qc5+ 26.Qf2 Qxc2 27.a6 Qxf2+ 28.Rxf2 Rxb6 29.axb7
Rxb7 30.Ra2 Rd8 31.Rd2 e4 32.Bxg7 e3 33.Bxh6 Rb1+ {#R} 0-1

[Event "Zurich Korchnoi Open 2017"]
[Site "Zurich SUI"]
[Date "2017.04.15"]
[Round "4.14"]
[White "Leutwyler,Mathias"]
[Black "Moor,R"]
[Result "0-1"]
[WhiteElo "2097"]
[BlackElo "2397"]

1.e4 c5 2.Nf3 Nc6 3.Bb5 e6 4.Bxc6 bxc6 5.b3 f6 6.Nh4 Nh6 7.f4 Nf7 8.Qh5 g6
9.Qe2 f5 10.Nf3 fxe4 11.Qxe4 Bg7 12.Ne5 Nxe5 13.fxe5 Qg5 14.Bb2 O-O 15.Na3 d5
16.Qe2 Rf5 17.O-O-O Bxe5 18.Bxe5 Rxe5 19.Qf2 Qe7 20.g4 a5 21.Rde1 Rxe1+
22.Rxe1 a4 23.Nb1 axb3 24.axb3 e5 25.h4 Bd7 26.Qg3 Re8 27.g5 Bf5 28.Qc3 e4
29.Qa1 Qd6 30.Qa6 Kg7 31.Rf1 Qe6 32.Qa7+ Qe7 33.Qb6 Rc8 34.h5 Kg8 35.hxg6 hxg6
36.Rh1 e3 37.dxe3 Qxe3+ 38.Kb2 Qe4 39.Rc1 Qe5+ 40.Ka2 c4 41.Na3 Qd6 42.Rh1 Ra8
43.b4 Qg3 {#R} 0-1

[Event "Zurich Korchnoi Open 2017"]
[Site "Zurich SUI"]
[Date "2017.04.15"]
[Round "4.16"]
[White "Portmann,D"]
[Black "Lazarev,V"]
[Result "0-1"]
[WhiteElo "2054"]
[BlackElo "2373"]

1.e4 c5 2.Nf3 Nc6 3.c4 e6 4.d4 cxd4 5.Nxd4 Nxd4 6.Qxd4 Ne7 7.Be2 Nc6 8.Qe3 b6
9.O-O Bc5 10.Qg3 Qf6 11.Nc3 O-O 12.a3 a5 13.Rb1 Ba6 14.Bd2 Kh8 15.Nd1 Qe7
16.Ne3 a4 17.Rfe1 Nd4 18.Bd3 f6 19.Bc3 Rfc8 20.Rbd1 Qf7 21.Qh4 Nb3 22.Bf1 Ra7
23.Rd3 Rac7 24.Ng4 Be7 25.Rh3 Qg6 26.Ne3 Bc5 27.Rg3 Qf7 28.Rh3 Qg8 29.Rd1 d6
30.Ng4 e5 31.Rdd3 Rf8 32.Rdg3 g5 33.Qh5 Bc8 34.Nxf6 Rxf6 35.Rxg5 Rg7 36.Rxe5
Bxf2+ 37.Kh1 Bd4 {#R} 0-1

[Event "17th BCC Open 2017"]
[Site "Cha-Am THA"]
[Date "2017.04.15"]
[Round "8.6"]
[White "Schebler,G"]
[Black "Huschenbeth,N"]
[Result "1-0"]
[WhiteElo "2387"]
[BlackElo "2588"]

1.e4 c5 2.c3 Nf6 3.e5 Nd5 4.d4 cxd4 5.Nf3 Nc6 6.Bc4 Nb6 7.Bb3 d5 8.exd6 Qxd6
9.O-O Be6 10.Na3 dxc3 11.Bxe6 Qxd1 12.Rxd1 fxe6 13.Nb5 Rc8 14.bxc3 Nc4 15.Nfd4
Nxd4 16.Nxd4 e5 17.Ne6 Nd6 18.Be3 Kf7 19.Ng5+ Kf6 20.Nf3 e4 21.Nd2 a6 22.a4 e5
23.c4 Nxc4 24.Nxc4 Rxc4 25.Rd8 g6 26.g4 h5 27.h3 hxg4 28.hxg4 Bg7 29.Rd6+ Ke7
30.Rxg6 Kf7 31.Rb6 Rb8 32.Rd1 Rc7 33.Rdb1 Bf6 34.Kg2 Be7 35.Rxa6 bxa6 36.Rxb8
Rc4 37.a5 Ra4 38.Rb7 Ke8 39.g5 Rxa5 40.g6 Bf6 41.g7 Bxg7 42.Rxg7 Ra1 43.Ra7
Kd8 44.Kg3 {#r} 1-0

[Event "17th BCC Open 2017"]
[Site "Cha-Am THA"]
[Date "2017.04.15"]
[Round "8.8"]
[White "Grigoryan,K2"]
[Black "Egorov,E"]
[Result "1-0"]
[WhiteElo "2559"]
[BlackElo "2377"]

1.e4 e5 2.Nf3 Nc6 3.Bb5 Nge7 4.Nc3 d6 5.d4 a6 6.Bc4 exd4 7.Nxd4 Nxd4 8.Qxd4
Nc6 9.Qe3 g6 10.Qg3 Nd4 11.Bg5 f6 12.O-O-O Ne6 13.Be3 c6 14.Rhe1 Be7 15.f4 Ng7
16.f5 g5 17.Bc5 dxc5 18.Rxd8+ Kxd8 19.Rd1+ Ke8 20.Qc7 {#r} 1-0

[Event "LXIII Mexican Open 2017"]
[Site "Leon MEX"]
[Date "2017.04.15"]
[Round "7.5"]
[White "Fernandez Cardoso,A"]
[Black "Diaz Rosas,J"]
[Result "1-0"]
[WhiteElo "2445"]
[BlackElo "2312"]

1.e4 c5 2.Nc3 d6 3.Nf3 a6 4.d4 cxd4 5.Nxd4 Nf6 6.f4 e6 7.Qf3 Qb6 8.Nb3 Qc7
9.Be3 Nc6 10.g4 g6 11.g5 Nd7 12.O-O-O Bg7 13.Nd4 h6 14.gxh6 Rxh6 15.Kb1 Rh5
16.f5 Nxd4 17.Bxd4 Bxd4 18.Rxd4 b5 19.fxg6 fxg6 20.Qg3 Ne5 21.Be2 Rh6 22.Rhd1
Nf7 23.e5 d5 24.Rf1 g5 25.h4 Qxe5 26.Qf2 Ra7 27.hxg5 Rh2 28.Qg1 Rb7 29.Rdf4
Rh8 30.g6 Nd6 31.Qc5 Rg7 32.a4 b4 33.Ne4 {#r} 1-0

[Event "LXIII Mexican Open 2017"]
[Site "Leon MEX"]
[Date "2017.04.15"]
[Round "7.6"]
[White "Cofre Archibold,Nestor"]
[Black "Otero Acosta,D"]
[Result "0-1"]
[WhiteElo "2256"]
[BlackElo "2438"]

1.Nf3 d5 2.c4 c6 3.b3 Nf6 4.g3 Bg4 5.Bg2 e6 6.Bb2 Nbd7 7.O-O Bd6 8.d4 h5 9.Ne5
h4 10.f3 Bf5 11.e4 Nxe5 12.dxe5 Bc5+ 13.Bd4 Qb6 14.Bxc5 Qxc5+ 15.Rf2 hxg3
16.hxg3 dxe4 17.exf6 e3 18.Re2 Qe5 19.fxg7 Qxg7 20.Na3 Qxg3 21.Qd4 Qh2+ 22.Kf1
Rg8 23.Rd1 Bh3 24.Qd7+ Kf8 25.Qd6+ Qxd6 26.Rxd6 Rxg2 27.Rxg2 Ke7 28.Rd4 Rg8
29.Rg4 Rxg4 30.fxg4 e2+ 31.Kxe2 Bxg2 32.c5 Bd5 33.Nc2 Kf6 34.Nb4 Kg5 35.Ke3
Kxg4 36.Kd4 f6 37.Nd3 Kf3 38.Nb4 e5+ {#R} 0-1

[Event "ch-NED Qualifier 2017"]
[Site "Delft NED"]
[Date "2017.04.15"]
[Round "3.1"]
[White "Burg,T"]
[Black "Janssen,Ru"]
[Result "1-0"]
[WhiteElo "2511"]
[BlackElo "2520"]

1.e4 e5 2.Nf3 Nc6 3.Nc3 Nf6 4.d4 Bb4 5.Nxe5 O-O 6.Qd3 Re8 7.Nxc6 bxc6 8.f3 d5
9.e5 c5 10.a3 Ba5 11.dxc5 Rxe5+ 12.Kf2 d4 13.Ne4 Bf5 14.b4 Bxe4 15.fxe4 Nxe4+
16.Kg1 Qf6 17.h3 Nf2 18.Qf3 Qxf3 19.gxf3 Nxh1 20.Kxh1 Re1 21.Kg2 c6 22.bxa5
Rae8 23.Bb2 Rxa1 24.Bxa1 Rd8 25.Bd3 Rd5 26.a6 Kf8 27.Be4 Rxc5 28.Bxd4 Ra5
29.Bd3 c5 30.Be5 Ke7 31.Bb8 Kd7 32.Bxa7 Kc7 33.h4 g6 34.Kg3 h6 35.Kg2 h5
36.Kg3 f5 37.f4 Kc6 38.Bb8 Rxa3 39.Kf2 Kd5 40.a7 {#r} 1-0

[Event "10th OGD Prinsenstad 2017"]
[Site "Delft NED"]
[Date "2017.04.15"]
[Round "3.2"]
[White "Blees,A"]
[Black "Bekker,Stefan"]
[Result "1-0"]
[WhiteElo "2383"]
[BlackElo "2310"]

1.e4 c5 2.Nf3 d6 3.d4 cxd4 4.Nxd4 Nf6 5.Nc3 a6 6.Bc4 e6 7.Bb3 Be7 8.f4 Nc6
9.f5 Nxd4 10.Qxd4 O-O 11.fxe6 fxe6 12.O-O Ng4 13.Bf4 Bf6 14.Qd2 Qb6+ 15.Kh1
Bd4 16.Nd5 exd5 17.Bxd5+ Kh8 18.Be3 Rxf1+ 19.Rxf1 Be6 20.Bxd4 Qb5 21.c4 Qd7
22.Qf4 Bxd5 23.cxd5 Kg8 24.h3 Nh6 25.Rf3 Nf7 26.Rg3 g6 27.Qf6 Ne5 28.Bxe5 dxe5
29.Qxe5 Re8 30.Qd4 Qd6 31.Re3 Qf4 32.Re1 Qh4 33.Qe3 Re5 34.d6 Kf7 35.d7 {#r}
1-0

[Event "10th OGD Prinsenstad 2017"]
[Site "Delft NED"]
[Date "2017.04.15"]
[Round "3.6"]
[White "De Jong,M"]
[Black "Kokje,Joris"]
[Result "1-0"]
[WhiteElo "2329"]
[BlackElo "2187"]

1.e4 c5 2.Nf3 d6 3.Bb5+ Bd7 4.c4 g6 5.d4 cxd4 6.Nxd4 Bg7 7.Nc3 Bxb5 8.cxb5 Nf6
9.O-O O-O 10.Qe2 Nbd7 11.Rd1 Rc8 12.Bg5 Qb6 13.a4 Qc5 14.Be3 Qb4 15.a5 Nc5
16.a6 bxa6 17.e5 dxe5 18.Nc6 Rxc6 19.bxc6 Rc8 20.Nd5 Nxd5 21.Rxd5 Rxc6 22.Rc1
{#r} 1-0

[Event "10th OGD Prinsenstad 2017"]
[Site "Delft NED"]
[Date "2017.04.15"]
[Round "3.7"]
[White "Hortensius,L"]
[Black "Leertouwer,Joris"]
[Result "1-0"]
[WhiteElo "2161"]
[BlackElo "2031"]

1.e4 c5 2.Nf3 d6 3.d4 cxd4 4.Nxd4 Nf6 5.Nc3 g6 6.Be3 Bg7 7.f3 O-O 8.Qd2 Nc6
9.O-O-O d5 10.exd5 Nxd5 11.Nxc6 bxc6 12.Bd4 e5 13.Bc5 Be6 14.Ne4 Re8 15.g4 a5
16.Bc4 Nf4 17.Qf2 Bd5 18.h4 Qb8 19.Qf1 Rd8 20.h5 Ne6 21.Be7 Rd7 22.Nf6+ Bxf6
23.Bxf6 Rb7 24.b3 Qd6 25.Qe2 Bxc4 26.Qxc4 Nd4 27.g5 Kf8 28.Kb1 Rb4 29.Qc3 c5
30.hxg6 fxg6 31.Rxh7 Re8 32.Qd3 e4 33.fxe4 Qf4 34.Qh3 Rbb8 35.Qh6+ {#r} 1-0

[Event "10th OGD Prinsenstad 2017"]
[Site "Delft NED"]
[Date "2017.04.15"]
[Round "4.3"]
[White "Tabak,S"]
[Black "De Jong,M"]
[Result "0-1"]
[WhiteElo "2260"]
[BlackElo "2329"]

1.e4 e6 2.b3 b6 3.Bb2 Bb7 4.Nc3 c5 5.Nf3 Nc6 6.Bb5 Nf6 7.O-O a6 8.Bxc6 Bxc6
9.Re1 Be7 10.e5 Nd5 11.Nxd5 Bxd5 12.c4 Bb7 13.d4 cxd4 14.Nxd4 O-O 15.Qg4 f5
16.Qe2 Qe8 17.Rad1 Bb4 18.Rf1 Qg6 19.f3 Bc5 20.Kh1 b5 21.Nc2 Bc6 22.Nd4 Bxd4
23.Rxd4 Rfb8 24.Rfd1 bxc4 25.Qxc4 a5 26.Qd3 Rb7 27.Ba3 a4 28.bxa4 Bxa4 29.Rc1
Bb5 30.Qc3 Bc6 31.Qc5 Rb5 32.Qd6 h6 33.Rb4 Rd5 34.Rb8+ Kh7 35.Qf8 Rxb8 36.Qxb8
Rd2 37.Rg1 Qxg2+ 38.Rxg2 Rd1+ {#R} 0-1

[Event "10th OGD Prinsenstad 2017"]
[Site "Delft NED"]
[Date "2017.04.15"]
[Round "4.5"]
[White "Bekker,Stefan"]
[Black "Van Dijk,Ha"]
[Result "1-0"]
[WhiteElo "2310"]
[BlackElo "2272"]

1.Nf3 Nf6 2.g3 g6 3.Bg2 Bg7 4.O-O O-O 5.c4 d6 6.Nc3 c5 7.d4 Nc6 8.b3 cxd4
9.Nxd4 Nxd4 10.Qxd4 d5 11.cxd5 Be6 12.Qh4 Nxd5 13.Nxd5 Bxd5 14.Bh6 Bxa1
15.Rxa1 Bxg2 16.Bxf8 Qxf8 17.Kxg2 Rc8 18.Qe4 Rc7 19.Rd1 Qc8 20.Rd4 b6 21.Qd3
Qe6 22.Rd8+ Kg7 23.Qd4+ Qf6 24.Qe4 a5 25.Re8 h5 26.h4 Qd6 27.Kh2 Qc5 28.Kg2
Kf6 29.a4 Qe5 30.Qf3+ Ke6 31.Rb8 Qc5 32.Rf8 f5 33.e4 Qc2 34.exf5+ gxf5 35.Rh8
Kd6 36.Rd8+ Kc5 37.Qd1 {#r} 1-0

[Event "10th OGD Prinsenstad 2017"]
[Site "Delft NED"]
[Date "2017.04.15"]
[Round "4.6"]
[White "Reinderman,D"]
[Black "Omota,Vlad"]
[Result "1-0"]
[WhiteElo "2576"]
[BlackElo "1895"]

1.c4 Nf6 2.Nc3 g6 3.e4 d6 4.d4 Bg7 5.Bd3 O-O 6.Nge2 e5 7.d5 Nbd7 8.O-O Nc5
9.Bc2 a5 10.Rb1 Bd7 11.f3 Ne8 12.Be3 f5 13.exf5 gxf5 14.f4 Qe7 15.Rf3 Kh8
16.Qd2 e4 17.Rf2 Nf6 18.h3 Rg8 19.Kh2 Nh5 20.Rg1 Bf6 21.g3 Rg7 22.Rfg2 b6
23.Nd4 Rag8 24.Bd1 Qe8 25.Qe2 Rg4 26.hxg4 fxg4 27.Rh1 Nd3 28.Bc2 Nhxf4 29.gxf4
Nxf4 30.Bxf4 Bxd4 31.Kg3 {#r} 1-0

[Event "10th OGD Prinsenstad 2017"]
[Site "Delft NED"]
[Date "2017.04.15"]
[Round "4.7"]
[White "Becx,C"]
[Black "Lai,Hing Ting"]
[Result "0-1"]
[WhiteElo "2078"]
[BlackElo "2392"]

1.f4 d5 2.Nf3 g6 3.g3 Bg7 4.Bg2 Nf6 5.O-O O-O 6.d3 c5 7.c3 Nc6 8.Na3 Re8 9.Nh4
d4 10.e4 dxe3 11.Bxe3 Nd7 12.f5 e6 13.fxg6 hxg6 14.Qe2 Qe7 15.Be4 Bf6 16.Bxg6
fxg6 17.Nxg6 Qh7 18.Qg4 Bg7 19.Qg5 Nde5 20.Nxe5 Nxe5 21.Nb5 Bd7 22.Bf4 Nxd3
23.Nd6 Bc6 24.Nxe8 Rxe8 25.Rad1 Qe4 {#R} 0-1